00485 2200181 4500001002100000005001500021008004100036020002200077035001900099041000700118082001100125090001500136100001700151245003600168260004200204300003500246650002200281INLIS00000000000859820241224113657241224||||||||| | ||| |||| || |  a978-602-97478-3-6 0010-1224008598 aid0 a616.72 a616.72 BUK0 aM. Christian00aBuku Orang Kantoran Office Pain aBandungbLeaf Production Officec2010 a18x13 cm, vi, 106 hlm.; ilus.: 0aIlmu-ilmu terapan